Furthest Countries from China - Statistics

General Stats
  • This quiz has been taken 408 times
  • The average score is 13 of 20
Answer Stats
Km Country % Correct
17,619 Brazil
90%
16,216 Argentina
83%
18,265 Peru
80%
19,059 Bolivia
79%
17,538 Uruguay
77%
18,182 Paraguay
76%
16,685 Colombia
71%
16,713 Venezuela
69%
16,988 Ecuador
66%
16,883 Guyana
66%
16,890 Suriname
65%
16,679 Panama
63%
16,389 Costa Rica
54%
16,373 St Lucia
52%
16,640 Trinidad and Tobago
52%
16,592 Grenada
50%
16,113 Nicaragua
50%
16,409 Barbados
49%
16,056 St Kitts and Nevis
48%
16,447 St Vincent and the Grenadines
48%
No matching quizzes found
Score Distribution
Percent of People with Each Score
Percentile by Number Answered
Your Score History
You have not taken this quiz